000 00321nam a22001337a 4500
008 180920b xxu||||| |||| 00| 0 eng d
020 _a9781452243092
041 _aeng
080 _23 ED
_a338
100 _a54
101 _aMAN
245 _aNonprofit Mnagemm Principles And Practice
_cWorth.M.J
942 _2udc
_cBK
999 _c48132
_d48132